000 01210nam a2200337 i 4500
001 bg
003 BPK
005 20220627080246.0
008 s1997 pl f f |000 0 pol
020 _a8301116773
040 _cBPK
041 1 _apol
_heng
080 _a330.101.541
080 _a(075.8)
100 1 _aHall, Robert Ernest
_d(1943- ).
245 1 0 _aMakroekonomia :
_bteoria, funkcjonowanie i polityka /
_cRobert E. Hall, John B. Taylor ; red. nauk. przekł. Andrzej Wojtyna ; poszczególne rozdz. przeł. [z ang.] Jan Czekaj [et al.].
246 1 _iTyt. oryg.:
_aMacroeconomics
250 _aWyd.2.
260 _aWarszawa :
_bWydaw. Naukowe PWN,
_c1997.
300 _a624 s. :
_bwykr., ;
_c25 cm.
500 _aOryg. : "Macroeconomics" 1993.
504 _aIndeks.
655 4 _aPodręczniki akademickie
650 4 _aMakroekonomia
700 1 _aTaylor, John B.
700 1 _aWojtyna, Andrzej
_d(1951- ).
_eRed.
710 2 _aWydawnictwo Naukowe PWN
_4pbl.
700 1 _aCzekaj, Jan
_d(1950- )
_eTłumaczenie
856 _uhttp://koha.tu.koszalin.pl/cgi-bin/koha/opac-detail.pl?biblionumber=32174
_yKatalog online BPK
942 _cKS
_2UKD
999 _c32174
_d32174